Statistics for Guess the Dutch Rapper

Click here to take the quiz!

General Stats

  • This quiz has been taken 75 times
  • The average score is 15 of 42

Answer Stats

SongRapper% Correct
HabibaBoef
100%
EnergieRonnie Flex
88%
RookLil Kleine
79%
ScarsSnelle
79%
TraagBizzey
67%
Catch UpJosylvio
63%
PanameraAshafar
60%
Give DemFrenna
58%
Fully FendiMula B
58%
KifeshSevn Alias
56%
Enge LoesoeJoeyAK
48%
Wat een JunkKiller Kamal
46%
Doe RustigLijpe
46%
VrijKevin
42%
DomDoenHenkie T
40%
kspreyopjebitchJacin Trill
40%
Snelle PlangaMaradonnie
35%
Rwina3robi
33%
Hele MeneerAdje
33%
MisdaadHef
31%
MamacitaLeafs
31%
HoelangBroederliefde
29%
Whoop WhoopIsmo
29%
ArchitectJonna Fraser
25%
MoeChivv
23%
Op de WegJack
23%
Waggie NieuwLouiVos
23%
Le BledRiffi
21%
TempoJairzinho
19%
Als Je Wist Dan Je WeetPietju Bell
19%
OEFFPoke
19%
BroertjeCrooks
17%
Hoe DanMensa
17%
First Day OutYoung Ellens
17%
Niet AlsofDopebwoy
15%
Russian SpiesAres
12%
Money Power RespectKingsize
12%
V8Bartofso
10%
Trekken Niet TerugD-Double
10%
SickMocroManiac
8%
BordeauxWoenzelaar
8%
Better DayzRafello
2%

Score Distribution

Percentile by Number Answered

Percent of People with Each Score

Your Score History

You have not taken this quiz